Kompozitné materiály pre tienenie elektromagnetického žiarenia

Na minha lista:
Detalhes bibliográficos
Autor principal: Vanek, Andrej (Author)
Outros Autores: Hudec, Ivan (Thesis advisor)
Formato: Manuscrito Livro
Idioma:eslovaco
Publicado em: 2019
Assuntos:
Acesso em linha:http://is.stuba.sk/zp/portal_zp.pl?podrobnosti=135778
Tags: Adicionar Tag
Sem tags, seja o primeiro a adicionar uma tag!

MARC

LEADER 00000ntm a22000003a 4500
001 stuzp74796
003 SK-STU
005 20190622212225.2
007 ta
008 150427s2015----xo-----f-mn---000-0-slo-d
040 |a STU  |b slo 
041 0 |a slo 
100 1 |a Vanek, Andrej  |u 049000  |4 aut  |U FCHPT Fakulta chemickej a potravinárskej technológie  |T FCHPT Ústav prírodných a syntetických polymérov  |X 86761  |U 049000  |Y 107  |7 86761 
242 0 1 |a Composite materials for electromagnetic schielding  |y eng 
245 1 0 |a Kompozitné materiály pre tienenie elektromagnetického žiarenia 
260 |c 2019 
650 4 |a magnetické kompozity  |2 slo 
650 4 |a tienenie  |2 slo 
650 4 |a butadién-styrénový kaučuk  |2 slo 
650 4 |a prírodný kaučuk  |2 slo 
650 4 |a magnetic composites  |2 eng 
650 4 |a shielding  |2 eng 
650 4 |a butadiene-styrene rubber  |2 eng 
650 4 |a natural rubber  |2 eng 
700 1 |a Hudec, Ivan  |u 049000  |k Z1  |4 ths  |U FCHPT Fakulta chemickej a potravinárskej technológie  |T FCHPT Ústav prírodných a syntetických polymérov  |X 3303  |U 049000  |Y 107  |7 A000003303 
856 4 |u http://is.stuba.sk/zp/portal_zp.pl?podrobnosti=135778